000
00282nam a22001217a 4500
008
180201b xxu||||| |||| 00| 0 eng d
041
_a
eng
080
_a
54
100
_a
13
101
_a
12
245
_a
textbook quantitative inorganic analysis
_c
kolthoff.i.m
942
_2
udc
_c
BK
999
_c
41549
_d
41549